Pierwsze ligi polskie - Statystyki

Ogólne statystyki
  • Ten quiz został rozwiązany 2 128 razy
  • Średni wynik to 25 z 52
Statystyki odpowiedzi
Miasto Liczba drużyn % Poprawnych
Warszawa 2
99%
Gdańsk 4
95%
Kraków 4
95%
Gdynia 2
91%
Poznań 2
90%
Wrocław 3
89%
Szczecin 3
86%
Białystok 1
83%
Łódź 1
82%
Kielce 3
80%
Katowice 2
79%
Lublin 1
79%
Rzeszów 1
75%
Lubin 2
73%
Toruń 1
73%
Bydgoszcz 2
72%
Zabrze 2
70%
Zielona Góra 1
67%
Sopot 2
65%
Gliwice 1
63%
Płock 1
61%
Chorzów 1
60%
Olsztyn 1
59%
Częstochowa 1
58%
Opole 1
58%
Radom 2
56%
Bełchatów 2
55%
Bielsko-Biała 2
50%
Tychy 1
43%
Kędzierzyn 1
36%
Koszalin 1
36%
Bytom 1
35%
Włocławek 1
35%
Jastrzębie 2
25%
Mielec 1
24%
Łęczna 1
22%
Słupsk 1
22%
Nowy Targ 1
20%
Siedlce 1
16%
Puławy 1
15%
Sanok 1
15%
Tarnobrzeg 1
15%
Dąbrowa Górnicza 1
13%
Głogów 1
13%
Oświęcim 1
13%
Zgorzelec 1
12%
Będzin 1
10%
Kwidzyn 1
7%
Kutno 1
6%
Starogard Gdański 1
5%
Sochaczew 1
2%
Wągrowiec 1
1%
Nie znaleziono quizów pasujących do podanych kryteriów
Rozkład punktacji
Procent ludzi z każdym wynikiem
Percentyl według liczby udzielonych odpowiedzi
Twoja historia wyników
Nie rozwiązałeś tego quizu